• 首页
  • 本馆介绍
  • 公告通知
  • 最新文献
  • 馆藏检索
  • 电子资源
  • 读者导购
  • 参考咨询
  • 我的图书馆
  • 登录
  • 详细信息显示
  • 放入我的书架
  • 预约/预借图书
  • 作者相关作品
  • 分类相关作品
  • 丛书相关作品
  • 出版社相关作品

书目信息

  • 表格格式
  • 工作单格式
  • 卡片格式
题名:
化学教育史
    
 
作者: 张家治 著
分册:  
出版信息: 南宁   广西教育出版社  1996
页数: 553页
开本: 20cm
丛书名: 学科现代教育理论书系
单 册:
中图分类: O6-4 , G40-01
科图分类:
主题词: 化学-教育史--世界 , 教育史-化学--世界 , 教育学
电子资源:
ISBN: 7-5435-2511-9
000 00799nam2 2200289 45
001 0198014691
005 20061111080553.64
010    @a7-5435-2511-9@dCNY27.00
100    @a19980318d1996 emky0chiy0121 ea
101 0  @achi
102    @aCN@b450000
105    @ac z 000yy
106    @ar
200 10 @a化学教育史@Ahua xue jiao yu shi@f张家治等著
210    @a南宁@c广西教育出版社@d1996
215    @a553页@c肖像@d20cm
225 2  @a学科现代教育理论书系@i化学
300    @a国家“九五”重点图书出版规划项目
410  0 @120010@a学科现代教育理论书系
606    @a化学-教育史@y世界
606    @a教育史-化学@y世界
606 0  @a教育学
690    @aO6-4@v3
690    @aG40-01
701  0 @a张家治@Azhang jia zhi@4著
801  0 @aCN@bNLC@c20061111
905    @f4@b281556-559@dG40-01@e199:5
    
    化学教育史/张家治等著.-南宁:广西教育出版社,1996
    553页:肖像;20cm.-(学科现代教育理论书系.化学)
    国家“九五”重点图书出版规划项目
    
    ISBN 7-5435-2511-9:CNY27.00
    
●
相关链接 在E读中查询图书 在五车中查询图书 在当当中查询图书 在豆瓣中查询图书


正题名:化学教育史     索取号:G40-01/199:5         预约/预借

序号 登录号 条形码 馆藏地/架位号 状态 备注
1 0281556   002815564   密集书库/ [索取号:G40-01/199:5] 在馆    
2 0281557   002815573   密集书库/ [索取号:G40-01/199:5] 在馆    
3 0281558   002815582   密集书库/ [索取号:G40-01/199:5] 在馆    
4 0281559   002815591   密集书库/ [索取号:G40-01/199:5] 在馆    
5 0281560   002815608   第一样本阅览室/ [索取号:G40-01/199:5] 在馆    
唐山师范学院图书馆 欢迎您!
大连网信软件有限公司© 版权所有